000 00812cam a22002773a 4500
001 15389
003 PGUSA
005 20140828083329.0
008 050316s2005||||xxu|||||s|||||000 1 eng d
040 _aPGUSA
_beng
042 _adc
050 4 _aPS
100 1 _aArthur, T. S.
_q(Timothy Shay),
_d1809-1885
245 1 0 _aTrue Riches; Or, Wealth Without Wings
_h[electronic resource] /
_cT. S. Arthur
260 _bProject Gutenberg,
_c2005
506 _aPublic domain in the USA.
516 _aElectronic text
653 _aAdopted children -- Fiction
653 _aHonesty -- Fiction
653 _aFamilies -- Fiction
653 _aChristian life -- Fiction
653 _aOrphans -- Fiction
830 0 _aProject Gutenberg
_v15389
856 4 0 _uhttp://www.gutenberg.org/ebooks/15389
942 _cEB
999 _c244644
_d244644